Философский материализм и современность: комплексная научная программа Минвуза РСФСР "Философский материализм и актуальные проблемы современности"

Detaylı Bibliyografya
Dil:Rusça
Baskı/Yayın Bilgisi: Красноярск, Изд-во Красноярского ун-та, 1986
Konular:
Materyal Türü: Kitap
KOHA link:https://koha.lib.tpu.ru/cgi-bin/koha/opac-detail.pl?biblionumber=19171

MARC

LEADER 00000nam0a2200000 4500
001 19171
005 20231101205244.0
035 |a (RuTPU)RU\TPU\book\19332 
035 |a BOOK00004020 
090 |a 19171 
100 |a 20011209d1986 k y0rusy50 ca 
101 0 |a rus 
102 |a RU 
105 |a y z 000zy 
200 1 |a Философский материализм и современность  |e комплексная научная программа Минвуза РСФСР "Философский материализм и актуальные проблемы современности" 
210 |a Красноярск  |c Изд-во Красноярского ун-та  |d 1986 
215 |a 224 с. 
606 1 |a Материализм  |2 stltpush  |3 (RuTPU)RU\TPU\subj\41245  |9 61050 
610 1 |a философия 
610 1 |a диалектический материализм 
610 1 |a научные программы 
686 |a Ю210.1  |v LBC/SL-A  |2 rubbk 
801 0 |a RU  |b 63413507  |c 20011209  |g PSBO 
801 2 |a RU  |b 63413507  |c 20140410  |g PSBO 
942 |c BK